书目信息 |
| 题名: |
运动牵拉图解
|
|
| 作者: | 张佩文 , 王安利 编著 | |
| 分册: | ||
| 出版信息: | 北京 北京体育大学出版社 2008 |
|
| 页数: | 104页 | |
| 开本: | 26cm | |
| 丛书名: | 体操运动丛书 | |
| 单 册: | ||
| 中图分类: | G832.02 , R873-64 | |
| 科图分类: | ||
| 主题词: | 竞技体操--运动训练法--图解 , 运动医学 | |
| 电子资源: | ||
| ISBN: | 978-7-81100-971-2 | |
| 000 | 00996oam2 2200325 450 | |
| 001 | 1572510522 | |
| 005 | 20150706201505.81 | |
| 010 | @a978-7-81100-971-2@dCNY120.00(全2册) | |
| 090 | @aG832@bzpw | |
| 096 | @aR87@bzpw | |
| 100 | @a20080704d2008 em y0chiy50 ea | |
| 101 | 0 | @achi |
| 102 | @aCN@b110000 | |
| 105 | @aa z 001yy | |
| 106 | @ar | |
| 200 | 1 | @a运动牵拉图解@b专著@f张佩文,王安利编著@Ayun dong qian la tu jie |
| 210 | @a北京@c北京体育大学出版社@d2008 | |
| 215 | @a104页@d26cm | |
| 225 | 2 | @a体操运动丛书 |
| 308 | @a丛书第一辑 | |
| 330 | @a本书详尽阐述了伸展练习基本理论,反映了近年来伸展练习的发展和动向。 | |
| 461 | 0 | @1001003853127 |
| 606 | 0 | @a竞技体操@x运动训练法@j图解 |
| 606 | 0 | @a运动医学 |
| 690 | @aG832.02@v4 | |
| 690 | @aR873-64@v4 | |
| 701 | 0 | @a张佩文@f(1952~)@4编著@Azhang pei wen |
| 701 | 0 | @a王安利@f(1955.5~)@4编著@Awang an li |
| 801 | 0 | @aCN@b大连网信软件有限公司图书馆·11@c20150706 |
| 905 | @aZUCC@dR873-64@et8:1 | |
| 运动牵拉图解/张佩文,王安利编著.-北京:北京体育大学出版社,2008 |
| 104页;26cm .-(体操运动丛书 ) |
| ISBN 978-7-81100-971-2:CNY120.00(全2册) |
| 本书详尽阐述了伸展练习基本理论,反映了近年来伸展练习的发展和动向。 |
| ● |
| 相关链接 |
|
|
|
|
正题名:运动牵拉图解
索取号:R873-64/t8:1
 
预约/预借
| 序号 | 登录号 | 条形码 | 馆藏地/架位号 | 状态 | 备注 |
| 1 | 6940267 | 269402675 | 密集书库-体育系/ [索取号:R873-64/t8:1] | 在馆 | |
| 2 | 6940268 | 269402684 | 密集书库-体育系/ [索取号:R873-64/t8:1] | 在馆 |